Istoria vneshney politiki Ispanii / (Record no. 183553)
[ view plain ]
| 000 -LEADER | |
|---|---|
| campo de control de longitud fija | 01067nam a2200265 i 4500 |
| 001 - NÚMERO DE CONTROL | |
| campo de control | 183553 |
| 003 - IDENTIFICADOR DE NÚMERO DE CONTROL | |
| campo de control | ES-MaACL |
| 005 - FECHA Y HORA DE LA ÚLTIMA TRANSACCIÓN | |
| campo de control | 20231106115051.0 |
| 008 - DATOS DE LONGITUD FIJA--INFORMACIÓN GENERAL | |
| campo de control de longitud fija | 140718s2014 ru abcf |||| |drus d |
| 020 ## - NÚMERO INTERNACIONAL ESTÁNDAR DEL LIBRO | |
| Número Internacional Estándar del Libro | 978-5-7133-1446-0 |
| 080 ## - NÚMERO DE LA CLASIFICACIÓN DECIMAL UNIVERSAL | |
| Número de la Clasificación Decimal Universal | 327(460)(09) |
| 245 00 - MENCIÓN DEL TÍTULO | |
| Título | Istoria vneshney politiki Ispanii / |
| Mención de responsabilidad, etc. | N.E. Anikeeva, V.A. Vediushkin, O.V. Volosiuk ... [et al.]. |
| 246 3# - FORMA VARIANTE DEL TITULO | |
| Título propio/Titulo breve | Historia de la política exterior de España |
| 260 ## - PUBLICACIÓN, DISTRIBUCIÓN, ETC. | |
| Lugar de publicación, distribución, etc. | Moskva : |
| Nombre del editor, distribuidor, etc. | Mezhdunarodnye otnoshenia, |
| Fecha de publicación, distribución, etc. | 2014. |
| 300 ## - DESCRIPCIÓN FÍSICA | |
| Extensión | 502 p., [16] p. de lám col. y n., [16] p. de mapas col. : |
| Otras características físicas | il., retr. ; |
| Dimensiones | 22 cm. |
| 490 1# - MENCIÓN DE SERIE | |
| Mención de serie | Istoria vneshney politiki zarubezhnykh stran |
| 546 ## - NOTA DE IDIOMA | |
| Nota de lengua/lenguaje | Texto en caracteres cirílicos. |
| 651 #4 - PUNTO DE ACCESO ADICIONAL DE MATERIA--NOMBRE GEOGRÁFICO | |
| Nombre geográfico | España- |
| Subdivisión general | Política exterior- |
| -- | Historia. |
| 9 (RLIN) | 8427 |
| 710 2# - ENTRADA AGREGADA--NOMBRE DE ENTIDAD CORPORATIVA | |
| Nombre de entidad corporativa o nombre de jurisdicción como elemento de entrada | Universidad Estatal de Moscú. |
| 9 (RLIN) | 155011 |
| 830 0# - PUNTO DE ACCESO ADICIONAL DE SERIE-TÍTULO UNIFORME | |
| Título uniforme | Istoria vneshney politiki zarubezhnykh stran |
| 9 (RLIN) | 224999 |
| 852 ## - LOCALIZACIÓN | |
| Ubicación | ES-MaACL |
| itemnumber | 190495 |
| Sublocalización o colección | R-150086 |
| Número de control de estantería | A-13163 |
| Signatura antigua | Olim: N-6163 |
| Encuadernación | enc. cartoné |
| Ubicación en estantería | Depósito 1 |
| 942 ## - ELEMENTOS DE ENTRADA SECUNDARIOS (KOHA) | |
| Fuente del sistema de clasificación o colocación | Clasificación decimal universal |
| Tipo de ítem Koha | Libro impreso |
| Estatus retirado | Estado de pérdida | Fuente del sistema de clasificación o colocación | Estado de daño | No para préstamo | Biblioteca de origen | Biblioteca actual | Ubicación en estantería | Fecha de adquisición | Fuente de adquisición | Total de préstamos | Signatura topográfica completa | Código de barras | Visto por última vez | Precio de reemplazo | Tipo de ítem Koha |
|---|---|---|---|---|---|---|---|---|---|---|---|---|---|---|---|
| Clasificación decimal universal | Biblioteca del Ateneo de Madrid | Biblioteca del Ateneo de Madrid | Depósito 1 | 18/07/2014 | Donación | A-13163 | 1192934 | 23/02/2023 | 23/02/2023 | Libro impreso |
